|
|
|
|
| LEADER |
00909nab a2200229 i 4500 |
| 001 |
publ27567 |
| 005 |
20231002085105.0 |
| 008 |
230623s2023 hu o 0|| Angol d |
| 022 |
|
|
|a 2064-759X
|
| 024 |
7 |
|
|a 10.31570/prosp_2022_0048
|2 doi
|
| 024 |
7 |
|
|a 34026548
|2 mtmt
|
| 040 |
|
|
|a SZTE Publicatio Repozitórium
|b hun
|
| 041 |
|
|
|a Angol
|
| 100 |
1 |
|
|a Kovács Zsuzsanna Ilona
|
| 245 |
1 |
0 |
|a Intellectual capital disclosure and non-financial reporting – current issues related to policymaking
|h [elektronikus dokumentum] /
|c Kovács Zsuzsanna Ilona
|
| 260 |
|
|
|c 2023
|
| 300 |
|
|
|a 7
|
| 490 |
0 |
|
|a PROSPERITAS
|v 10 No. 3
|
| 650 |
|
4 |
|a Közgazdasági és gazdálkodástudományok
|
| 700 |
0 |
2 |
|a Lippai-Makra Edit
|e aut
|
| 856 |
4 |
0 |
|u http://publicatio.bibl.u-szeged.hu/27567/3/34026548_megjelent.pdf
|z Dokumentum-elérés
|
| 856 |
4 |
0 |
|u http://publicatio.bibl.u-szeged.hu/27567/1/2022-0048230620_Prpsp.pdf
|z Dokumentum-elérés
|